[Event "4NCL Rapid Indiv 2014"]
[Site "Daventry ENG"]
[Date "2014.10.05"]
[Round "1.1"]
[White "Page, Mark E"]
[Black "Ghasi, Ameet K"]
[Result "0-1"]
[BlackTitle "IM"]
[WhiteElo "2075"]
[BlackElo "2475"]
[WhiteFideId "417050"]
[BlackFideId "409200"]
[EventDate "2014.10.05"]

1. e4 g6 2. f4 Bg7 3. Nf3 d6 4. Bc4 e6 5. Nc3 Ne7 6. d3 d5 7. Bb3 dxe4 8. dxe4
Qxd1+ 9. Nxd1 Nd7 10. c3 b6 11. Nf2 Bb7 12. Be3 Rd8 13. O-O-O Nc8 14. f5 exf5
15. exf5 O-O 16. fxg6 hxg6 17. Bg5 Bxf3 18. gxf3 Bf6 19. Rhg1 Kg7 20. h4 Bxg5+
21. hxg5 Nc5 22. Bc2 Nd6 23. Ng4 Rh8 24. Rde1 Ne6 25. Ne5 Rde8 26. Nd7 Nf4 27.
Rgf1 Rd8 28. Nf6 Ne8 29. Re4 Nh5 30. Nxe8+ Rhxe8 31. Bb3 Ng3 32. Rxe8 Rxe8 33.
Rd1 Re7 34. Bc4 Nf5 35. Rd8 Nd6 36. Bd3 Nb7 37. Rd4 Nc5 38. Kd2 Ne6 39. Rg4 Rd7
40. Kc2 Nc5 41. Bc4 Re7 42. b4 Nb7 43. Rg1 Nd6 44. Bd3 Re8 45. a4 Rh8 46. Re1
Kf8 47. Kb3 Rh3 48. Re3 Rg3 49. Be2 Rxg5 50. c4 Rh5 51. f4 Rf5 52. Re5 Rxf4 53.
c5 Nf5 54. cxb6 axb6 55. a5 bxa5 56. bxa5 Nd4+ 57. Kc3 Nxe2+ 58. Rxe2 Ra4 59.
Re5 f6 60. Rc5 Ke7 61. Rxc7+ Kd6 62. Rg7 g5 63. Rf7 Ke5 64. Ra7 g4 65. a6 Kf4
66. Kb3 Ra5 67. Kb4 Ra1 68. Kb5 g3 69. Rg7 f5 70. a7 Kf3 71. Kc4 f4 72. Kd4 Kf2
73. Ke4 Ra4+ 0-1

[Event "4NCL Rapid Indiv 2014"]
[Site "Daventry ENG"]
[Date "2014.10.05"]
[Round "1.3"]
[White "Rabbitt, Michael"]
[Black "Rendle, Thomas E"]
[Result "0-1"]
[BlackTitle "IM"]
[WhiteElo "2025"]
[BlackElo "2383"]
[WhiteFideId "411671"]
[BlackFideId "408760"]
[EventDate "2014.10.05"]

1. e4 e6 2. b3 d5 3. Bb2 Nf6 4. e5 Nfd7 5. f4 c5 6. Nf3 Nc6 7. g3 Be7 8. Bg2 b5
9. O-O Bb7 10. d4 Qb6 11. Kh1 g6 12. c3 h5 13. Nbd2 Rc8 14. h3 a5 15. a3 Qa7 16.
Re1 a4 17. bxa4 Qxa4 18. Qxa4 bxa4 19. dxc5 Nxc5 20. c4 Na5 21. cxd5 Bxd5 22.
Nd4 Bxg2+ 23. Kxg2 Nd3 24. Reb1 O-O 25. Kf3 Rfd8 26. Ke3 Nxb2 27. Rxb2 Bc5 0-1

[Event "4NCL Rapid Indiv 2014"]
[Site "Daventry ENG"]
[Date "2014.10.05"]
[Round "1.4"]
[White "Flear, Glenn C"]
[Black "Freeman, Richard C P"]
[Result "1-0"]
[WhiteTitle "GM"]
[WhiteElo "2462"]
[BlackElo "2041"]
[WhiteFideId "400165"]
[BlackFideId "410349"]
[EventDate "2014.10.05"]

1. d4 g6 2. c4 Bg7 3. e4 d6 4. Nc3 e5 5. Nf3 Bg4 6. d5 Ne7 7. Be2 O-O 8. h3 Bxf3
9. Bxf3 Nd7 10. h4 f5 11. h5 Nf6 12. hxg6 hxg6 13. Bd2 c6 14. Qe2 Qb6 15. O-O-O
fxe4 16. Bxe4 Nxe4 17. Nxe4 cxd5 18. cxd5 Nxd5 19. Qg4 Nf4 20. Bxf4 Qc6+ 21. Nc3
exf4 22. Qxg6 Rf6 23. Qh7+ Kf7 24. Rde1 Qd7 25. Qh5+ Kg8 26. Nd5 Re6 27. Qh7+
Kf8 28. Qf5+ Kg8 1-0

[Event "4NCL Rapid Indiv 2014"]
[Site "Daventry ENG"]
[Date "2014.10.05"]
[Round "1.6"]
[White "Pritchett, Craig W"]
[Black "Taylor, Mark V"]
[Result "1-0"]
[WhiteTitle "IM"]
[WhiteElo "2315"]
[BlackElo "2061"]
[WhiteFideId "2400065"]
[BlackFideId "409243"]
[EventDate "2014.10.05"]

1. c4 e6 2. g3 f5 3. Bg2 Nf6 4. Nf3 Be7 5. O-O O-O 6. b3 d6 7. d4 a5 8. Bb2 Qe8
9. Nc3 Qh5 10. e3 Na6 11. Qe2 Ne4 12. Rfe1 c6 13. Rac1 Bd7 14. Na4 Bd8 15. c5 d5
16. Ne5 Qxe2 17. Rxe2 Be8 18. f3 Ng5 19. Nb6 Bxb6 20. cxb6 Nf7 21. Nd3 Nd6 22.
Ba3 Rd8 23. Bxd6 Rxd6 24. Nc5 Nxc5 25. Rxc5 1-0

[Event "4NCL Rapid Indiv 2014"]
[Site "Daventry ENG"]
[Date "2014.10.05"]
[Round "1.8"]
[White "Roberson, Peter T"]
[Black "Taylor, William J"]
[Result "1-0"]
[WhiteTitle "IM"]
[WhiteElo "2415"]
[BlackElo "1998"]
[WhiteFideId "412384"]
[BlackFideId "423130"]
[EventDate "2014.10.05"]

1. e4 e5 2. Nf3 Nc6 3. Bb5 a6 4. Ba4 Nf6 5. O-O b5 6. Bb3 Bb7 7. d3 Be7 8. a4
O-O 9. Nc3 b4 10. Nd5 Nxd5 11. Bxd5 d6 12. a5 Nxa5 13. Rxa5 c6 14. Bxc6 Bxc6 15.
Ra1 Bf6 16. Bd2 Qb6 17. c4 bxc3 18. Bxc3 Rfe8 19. Re1 Qb7 20. Nd2 d5 21. exd5
Bxd5 22. Ne4 Be7 23. Qg4 Be6 24. Qg3 f6 25. f4 exf4 26. Qxf4 Qb6+ 27. Kh1 Bd5
28. Qg4 Qc6 29. Re3 Bxe4 30. Rxe4 Bc5 31. Rxe8+ Rxe8 32. Qc4+ Kh8 33. d4 Re4 34.
Qxc5 1-0

[Event "4NCL Rapid Indiv 2014"]
[Site "Daventry ENG"]
[Date "2014.10.05"]
[Round "1.9"]
[White "Birkin, Mark H"]
[Black "Josse, Mark"]
[Result "0-1"]
[WhiteElo "1955"]
[BlackElo "2174"]
[WhiteFideId "420328"]
[BlackFideId "414476"]
[EventDate "2014.10.05"]

1. e4 d5 2. exd5 Qxd5 3. Nc3 Qd6 4. Nf3 Nf6 5. g3 c6 6. Bg2 Bg4 7. O-O e6 8. Qe1
Nbd7 9. d3 Be7 10. Bf4 Qb4 11. Qd2 O-O 12. a3 Qb6 13. Be3 Qc7 14. Bf4 e5 15.
Nxe5 Nxe5 16. Rfe1 Bd6 17. Ne4 Nxe4 18. Rxe4 Nf3+ 19. Bxf3 Bxf3 20. Rd4 Bxf4 21.
Rxf4 Bd5 22. c4 Be6 23. h4 Rad8 24. Qe2 Rfe8 25. Qf3 Qd7 26. Rd1 h6 27. h5 f6
28. b4 Bf7 29. g4 Re6 30. Kh2 Rd6 0-1

[Event "4NCL Rapid Indiv 2014"]
[Site "Daventry ENG"]
[Date "2014.10.05"]
[Round "1.10"]
[White "Poobalasingam, Peter S"]
[Black "Burke, Steven J"]
[Result "1-0"]
[WhiteTitle "FM"]
[WhiteElo "2239"]
[BlackElo "1974"]
[WhiteFideId "410683"]
[BlackFideId "407186"]
[EventDate "2014.10.05"]

1. d4 Nf6 2. c4 c5 3. Nf3 g6 4. b3 cxd4 5. Nxd4 Bg7 6. Nc3 d5 7. e3 O-O 8. cxd5
Nxd5 9. Nxd5 Qxd5 10. Bb2 Qa5+ 11. Qd2 Qxd2+ 12. Kxd2 Rd8 13. Kc1 Bd7 14. Bc4
Nc6 15. Rd1 Nxd4 16. Bxd4 Bg4 17. f3 Bxd4 18. exd4 Bd7 19. Kb2 Rac8 20. Re1 b5
21. Bd3 e6 22. Rad1 Bc6 23. Be4 f5 24. Bc2 Bd5 25. Re5 Rc6 26. Rd2 Rdc8 27. Bd3
a6 28. Re1 Kf7 29. h4 h5 30. Rg1 Kf6 31. Rf2 Rc3 32. Bc4 Re3 33. Bxd5 exd5 34.
g4 hxg4 35. fxg4 Re4 36. h5 Rce8 37. Kc3 a5 38. hxg6 f4 39. Kd3 Kxg6 40. Rc1
Re3+ 41. Kd2 Kg5 42. Rc5 Kxg4 43. Rxd5 1-0

[Event "4NCL Rapid Indiv 2014"]
[Site "Daventry ENG"]
[Date "2014.10.05"]
[Round "1.12"]
[White "Waters, Andrew C"]
[Black "Batchelor, Guy J"]
[Result "0-1"]
[WhiteElo "1810"]
[BlackElo "1857"]
[WhiteFideId "417998"]
[BlackFideId "423106"]
[EventDate "2014.10.05"]

1. e4 c5 2. Nf3 Nc6 3. d4 cxd4 4. Nxd4 e5 5. Nb5 d6 6. N1c3 a6 7. Na3 b5 8. Nd5
f5 9. Bd3 Nf6 10. Bg5 Be7 11. Bxf6 Bxf6 12. exf5 O-O 13. O-O Nd4 14. Be4 Rb8 15.
Qg4 Bg5 16. h4 Bxh4 17. Ne3 Qg5 18. Qxg5 Bxg5 19. c3 Nxf5 20. Nd5 Bb7 21. Nc2
Ne7 22. Rad1 Nxd5 23. Bxd5+ Bxd5 24. Rxd5 Rb6 25. Rfd1 Be7 26. Ne3 Rf4 27. g3
Rf6 28. Ng4 Rg6 29. Ne3 Rf6 30. Ng4 Re6 31. Ne3 g6 32. Kg2 Kf7 33. Ng4 h5 34.
Ne3 Bg5 0-1

[Event "4NCL Rapid Indiv 2014"]
[Site "Daventry ENG"]
[Date "2014.10.05"]
[Round "2.1"]
[White "Ghasi, Ameet K"]
[Black "Martin, Lewis"]
[Result "1-0"]
[WhiteTitle "IM"]
[WhiteElo "2475"]
[BlackElo "2093"]
[WhiteFideId "409200"]
[BlackFideId "410551"]
[EventDate "2014.10.05"]

1. Nf3 d5 2. g3 g6 3. Bg2 Bg7 4. O-O Nf6 5. d4 O-O 6. Nbd2 Ne4 7. Nxe4 dxe4 8.
Ng5 Qxd4 9. Qxd4 Bxd4 10. c3 Bg7 11. Nxe4 Na6 12. Be3 c6 13. Rfd1 Bg4 14. Rd2
Rfd8 15. Rxd8+ Rxd8 16. Kf1 b6 17. a4 Nc7 18. Ke1 Nd5 19. Bd2 c5 20. a5 h6 21.
axb6 axb6 22. Bc1 Be6 23. Ra6 Rb8 24. Nd2 b5 25. Ne4 c4 26. Nc5 Nc7 27. Ra7 Be5
28. f4 Bd6 29. Ne4 Ne8 30. Nxd6 exd6 31. Be3 Nf6 32. Bd4 Bd5 33. Bxd5 Nxd5 34.
Kd2 Nb6 35. Ra6 Na4 36. Kc2 Rd8 37. Ra7 Kf8 38. Rb7 Re8 39. e3 Nc5 40. Rxb5 Nb3
41. Ba7 Ra8 42. Rb7 Ke8 43. e4 Rd8 44. Rc7 1-0

[Event "4NCL Rapid Indiv 2014"]
[Site "Daventry ENG"]
[Date "2014.10.05"]
[Round "2.2"]
[White "Talsma, Paul"]
[Black "Smerdon, David"]
[Result "0-1"]
[BlackTitle "GM"]
[WhiteElo "2193"]
[BlackElo "2506"]
[WhiteFideId "1018779"]
[BlackFideId "3202305"]
[EventDate "2014.10.05"]

1. d4 e6 2. e4 d5 3. e5 c5 4. Nf3 Nc6 5. Bd3 Nh6 6. O-O Nf5 7. dxc5 Bxc5 8. Bxf5
exf5 9. Nbd2 d4 10. Nb3 Bb6 11. a4 a5 12. Bg5 Qd7 13. Re1 O-O 14. Qd3 h6 15. Bf4
Rd8 16. Qd2 Qe7 17. Bxh6 gxh6 18. Qxh6 Qf8 19. Qh5 Be6 20. Nbd2 Qg7 21. Ra3 Bc5
22. Rb3 Bxb3 23. Nxb3 Bb4 24. Rd1 Qg4 25. Qh6 Bf8 26. Qc1 Rac8 27. h3 Qh5 28.
Nbxd4 Nxd4 29. Nxd4 Bc5 0-1

[Event "4NCL Rapid Indiv 2014"]
[Site "Daventry ENG"]
[Date "2014.10.05"]
[Round "2.3"]
[White "Rendle, Thomas E"]
[Black "Hall, John"]
[Result "1/2-1/2"]
[WhiteTitle "IM"]
[BlackTitle "FM"]
[WhiteElo "2383"]
[BlackElo "2264"]
[WhiteFideId "408760"]
[BlackFideId "401102"]
[EventDate "2014.10.05"]

1. e4 c5 2. Nf3 d6 3. c3 Nf6 4. Be2 g6 5. O-O Bg7 6. Bb5+ Bd7 7. Bxd7+ Qxd7 8.
Re1 Nc6 9. d4 cxd4 10. cxd4 d5 11. e5 Ne4 12. Nc3 Nxc3 13. bxc3 O-O 14. h4 Qg4
15. Qb3 Qd7 16. Rb1 b6 17. Qb5 Rfd8 18. e6 fxe6 19. h5 e5 20. dxe5 e6 21. hxg6
hxg6 22. Ba3 d4 23. Bd6 dxc3 24. Qb3 Rf8 25. Ng5 Nd4 26. Qxc3 Rf5 27. Qxd4 Rxg5
28. Rb3 Rf8 29. Qh4 Rff5 30. f4 Rh5 31. Qg3 g5 32. Rc3 gxf4 33. Qf3 Qf7 34. Rc7
Qg6 35. Rxa7 Qh6 36. Kf2 1/2-1/2

[Event "4NCL Rapid Indiv 2014"]
[Site "Daventry ENG"]
[Date "2014.10.05"]
[Round "2.4"]
[White "Mason, Donald J"]
[Black "Flear, Glenn C"]
[Result "0-1"]
[BlackTitle "GM"]
[WhiteElo "2143"]
[BlackElo "2462"]
[WhiteFideId "405116"]
[BlackFideId "400165"]
[EventDate "2014.10.05"]

1. c4 e6 2. d4 d5 3. Nc3 c6 4. Nf3 dxc4 5. g3 b5 6. Bg2 Bb7 7. a4 a6 8. Ne5 Qc8
9. O-O Nd7 10. f4 Ngf6 11. Nxd7 Qxd7 12. e4 Be7 13. e5 Nd5 14. Qh5 O-O 15. Ne4
f5 16. Ng5 Bxg5 17. fxg5 c5 18. Rd1 g6 19. Qh4 Qc7 20. Bf4 Rfd8 21. Rac1 Nb4 22.
g4 Bxg2 23. Kxg2 Rxd4 24. Rxd4 cxd4 25. gxf5 exf5 0-1

[Event "4NCL Rapid Indiv 2014"]
[Site "Daventry ENG"]
[Date "2014.10.05"]
[Round "2.5"]
[White "Turner, Matthew J"]
[Black "Wadsworth, Matthew J"]
[Result "0-1"]
[WhiteTitle "GM"]
[WhiteElo "2482"]
[BlackElo "2135"]
[WhiteFideId "402893"]
[BlackFideId "415804"]
[EventDate "2014.10.05"]

1. c4 e5 2. g3 Nf6 3. Bg2 c6 4. d4 exd4 5. Qxd4 Na6 6. Nf3 Bc5 7. Qd1 O-O 8. O-O
d5 9. cxd5 Qxd5 10. Nc3 Qxd1 11. Rxd1 Bg4 12. Ne5 Be6 13. Bg5 Rad8 14. Bxf6 gxf6
15. Nd3 Be7 16. Nf4 Nc7 17. Bh3 Bxh3 18. Nxh3 Ne6 19. e3 f5 20. Rxd8 Rxd8 21.
Rd1 Rxd1+ 22. Nxd1 Bf6 23. Kf1 Kf8 24. Ke2 Ke7 25. f4 Kd6 26. Nhf2 Nc5 27. h3 h5
28. Kf3 a5 29. e4 fxe4+ 30. Nxe4+ Nxe4 31. Kxe4 b5 32. Kf5 Bd4 33. Kg5 Kd5 34.
Kxh5 Ke4 35. Nc3+ Kd3 36. Kg5 a4 37. a3 Kc2 38. f5 Kxb2 39. Ne2 Bh8 40. f6 b4
41. axb4 a3 42. Nf4 a2 43. Nd3+ Kb1 44. Ne5 a1=Q 45. Kf5 Qb2 46. g4 Qf2+ 0-1

[Event "4NCL Rapid Indiv 2014"]
[Site "Daventry ENG"]
[Date "2014.10.05"]
[Round "2.6"]
[White "Varnam, Liam D"]
[Black "Pritchett, Craig W"]
[Result "0-1"]
[BlackTitle "IM"]
[WhiteElo "2124"]
[BlackElo "2315"]
[WhiteFideId "410950"]
[BlackFideId "2400065"]
[EventDate "2014.10.05"]

1. c4 Nf6 2. g3 e5 3. Bg2 Bc5 4. Nc3 O-O 5. e3 Nc6 6. a3 a6 7. Nge2 d6 8. O-O
Bf5 9. b4 Ba7 10. d4 Re8 11. Bb2 exd4 12. exd4 Qd7 13. c5 Bh3 14. Nf4 Bxg2 15.
Kxg2 Rad8 16. Nce2 d5 17. Re1 Ne7 18. Ng1 Ng6 19. Nxg6 hxg6 20. Nf3 c6 21. Ne5
Qf5 22. Qf3 Qxf3+ 23. Kxf3 Ne4 24. Rad1 Bb8 25. Kg2 Bc7 26. f3 Ng5 27. h4 Ne6
28. f4 Nf8 29. Kf3 f6 30. Nd3 Kf7 31. g4 Nd7 32. a4 Rh8 33. Rh1 Rde8 34. Rde1
Rxe1 35. Nxe1 f5 36. g5 Nf8 37. Nd3 Ne6 38. Ne5+ Bxe5 39. dxe5 d4 40. Kg3 Rd8
41. Rd1 a5 42. bxa5 d3 43. Ba3 Rd4 44. Kf3 Rxf4+ 45. Ke3 Rxh4 46. Rb1 Rh3+ 47.
Kd2 Nd8 48. a6 bxa6 49. Rb8 Ke7 50. Ra8 Rh2+ 51. Kc3 f4 52. Rxa6 d2 53. Kc2 f3
54. Rb6 d1=Q+ 55. Kxd1 Rh1+ 56. Kd2 f2 0-1

[Event "4NCL Rapid Indiv 2014"]
[Site "Daventry ENG"]
[Date "2014.10.05"]
[Round "2.7"]
[White "Briscoe, Chris"]
[Black "Roberson, Peter T"]
[Result "0-1"]
[WhiteTitle "CM"]
[BlackTitle "IM"]
[WhiteElo "2201"]
[BlackElo "2415"]
[WhiteFideId "408360"]
[BlackFideId "412384"]
[EventDate "2014.10.05"]

1. e4 e6 2. d4 d5 3. Nc3 Nf6 4. Bg5 Be7 5. e5 Nfd7 6. Bxe7 Qxe7 7. Nf3 a6 8. Bd3
c5 9. dxc5 Nc6 10. Qe2 Nxc5 11. O-O O-O 12. Rfe1 b5 13. Qe3 Bd7 14. Ne2 Rfc8 15.
Ned4 Na5 16. Qf4 h6 17. h4 Nc4 18. Rab1 Rc7 19. g4 Kh8 20. h5 Rg8 21. g5 Be8 22.
Kh2 hxg5 23. Nxg5 Nxe5 24. Rxe5 f6 25. h6 fxe5 26. hxg7+ Rxg7 27. Qh4+ Kg8 28.
Bh7+ Rxh7 29. Nxh7 Qxh4+ 0-1

[Event "4NCL Rapid Indiv 2014"]
[Site "Daventry ENG"]
[Date "2014.10.05"]
[Round "2.8"]
[White "Josse, Mark"]
[Black "McGann, Gary"]
[Result "1-0"]
[WhiteElo "2174"]
[BlackElo "2083"]
[WhiteFideId "414476"]
[BlackFideId "428345"]
[EventDate "2014.10.05"]

1. d4 e6 2. e4 d5 3. Nd2 dxe4 4. Nxe4 Be7 5. Nf3 Nd7 6. Bd3 Ngf6 7. O-O O-O 8.
c3 Nxe4 9. Bxe4 c5 10. Be3 cxd4 11. Bxd4 Bf6 12. Qc2 g6 13. Rfd1 Qe7 14. Bxf6
Nxf6 15. Ne5 Rb8 16. Bf3 Bd7 17. Rd4 Rfc8 18. Qd2 Be8 19. Qh6 Rc5 20. Qe3 Rbc8
21. Rad1 b5 22. h3 a5 23. a3 R5c7 24. Qd2 Kg7 25. Rh4 h5 26. Rd4 Rb8 27. Qf4
Rbc8 28. g4 hxg4 29. hxg4 Nd7 30. g5 Nxe5 31. Qxe5+ f6 32. gxf6+ Qxf6 33. Qxf6+
Kxf6 34. Rd6 Bc6 35. Kg2 Bxf3+ 36. Kxf3 Rc6 37. Rd7 b4 38. axb4 axb4 39. cxb4
Rb6 40. R7d4 Rcb8 41. Rf4+ Ke7 42. Rdd4 e5 43. Rde4 Re6 44. Rg4 Rb5 45. Ke3 Rd6
46. f4 Kf6 47. fxe5+ Rxe5 48. Rxg6+ Kxg6 49. Rxe5 Kf6 50. Re4 Rd1 51. b5 Re1+
52. Kd3 Rd1+ 53. Kc3 Rd5 54. Kc4 Rd2 55. b3 Kf5 56. Re8 Rc2+ 57. Kd5 1-0

[Event "4NCL Rapid Indiv 2014"]
[Site "Daventry ENG"]
[Date "2014.10.05"]
[Round "2.9"]
[White "Tippleston, Charles E"]
[Black "Poobalasingam, Peter S"]
[Result "0-1"]
[WhiteTitle "CM"]
[BlackTitle "FM"]
[WhiteElo "2121"]
[BlackElo "2239"]
[WhiteFideId "407968"]
[BlackFideId "410683"]
[EventDate "2014.10.05"]

1. e4 e5 2. Nf3 d6 3. d4 Nd7 4. Nc3 Be7 5. Bc4 Ngf6 6. O-O O-O 7. Re1 c6 8. Bb3
Qc7 9. a4 a5 10. d5 Nc5 11. Bc4 Bg4 12. h3 Bh5 13. Bg5 Rfe8 14. Qe2 Bg6 15. Nd2
Nxd5 16. Nxd5 cxd5 17. Bxe7 dxc4 18. Bg5 Ne6 19. Be3 Rac8 20. Ra3 Nd4 21. Qd1
Qc6 22. Nb1 Qxe4 23. Nc3 Qxc2 24. Nb5 Nxb5 25. Qxc2 Bxc2 26. axb5 a4 27. Rc3 Bb3 0-1

[Event "4NCL Rapid Indiv 2014"]
[Site "Daventry ENG"]
[Date "2014.10.05"]
[Round "2.10"]
[White "Bullen, Alex"]
[Black "Wall, Gavin"]
[Result "0-1"]
[BlackTitle "IM"]
[WhiteElo "2021"]
[BlackElo "2314"]
[WhiteFideId "1801627"]
[BlackFideId "2501244"]
[EventDate "2014.10.05"]

1. e4 e5 2. Bc4 Nf6 3. d3 Nc6 4. Nc3 Na5 5. Nge2 Bc5 6. O-O d6 7. Bg5 h6 8. Bh4
g5 9. Bg3 Nxc4 10. dxc4 Be6 11. Qd3 h5 12. h4 Nd7 13. hxg5 Qxg5 14. Nd5 O-O-O
15. b4 Bxd5 16. bxc5 Bc6 17. cxd6 h4 18. f4 Qg6 19. f5 Qg4 20. Bh2 Bxe4 21. Qh3
Qxe2 22. dxc7 Rdg8 23. Rf2 Qxc4 0-1

[Event "4NCL Rapid Indiv 2014"]
[Site "Daventry ENG"]
[Date "2014.10.05"]
[Round "2.11"]
[White "Mossong, Hubert"]
[Black "Jackson, James P"]
[Result "0-1"]
[WhiteTitle "FM"]
[BlackTitle "FM"]
[WhiteElo "2094"]
[BlackElo "2336"]
[WhiteFideId "4000030"]
[BlackFideId "416860"]
[EventDate "2014.10.05"]

1. e4 e5 2. Nf3 Nc6 3. Bb5 a6 4. Ba4 Nf6 5. Bxc6 dxc6 6. d3 Bd6 7. h3 Be6 8. Bg5
h6 9. Bh4 g5 10. Bg3 Nd7 11. d4 f6 12. dxe5 Nxe5 13. Nxe5 Bxe5 14. Qxd8+ Rxd8
15. Bxe5 fxe5 16. Nd2 Ke7 17. O-O-O Rd6 18. Nf3 Kf6 19. a3 c5 20. Rd2 Rhd8 21.
Rhd1 Bc4 22. Ne1 Be2 23. Rxd6+ cxd6 24. Rd2 Bb5 25. f3 h5 26. c3 g4 27. hxg4
hxg4 28. Nc2 Kg5 29. Ne3 gxf3 30. gxf3 Kf4 31. Nf5 d5 32. Ne7 d4 33. Ng6+ Kxf3
34. Nxe5+ Kxe4 35. cxd4 cxd4 36. Ng4 Rc8+ 37. Kd1 Ba4+ 38. Ke1 Rc1+ 39. Kf2 d3
40. Nf6+ Kd4 41. Ng4 Rc6 42. Nh2 Rf6+ 43. Ke1 Re6+ 44. Kf2 Bc6 45. Ng4 Rg6 46.
Rxd3+ Kxd3 47. Ne5+ Kc2 48. Nxg6 Kxb2 49. Ke3 Kxa3 50. Kd2 Kb2 51. Ne5 Bb5 52.
Nf3 a5 53. Nd4 Bc4 0-1

[Event "4NCL Rapid Indiv 2014"]
[Site "Daventry ENG"]
[Date "2014.10.05"]
[Round "2.12"]
[White "Snape, Ian L"]
[Black "Richmond, Peter"]
[Result "1-0"]
[WhiteElo "2172"]
[BlackElo "2154"]
[WhiteFideId "404489"]
[BlackFideId "1800175"]
[EventDate "2014.10.05"]

1. e4 c5 2. Nf3 Nc6 3. d4 cxd4 4. Nxd4 e5 5. Nb5 a6 6. Nd6+ Bxd6 7. Qxd6 Qf6 8.
Qc7 Nge7 9. Nc3 O-O 10. Bd3 Nb4 11. a3 Nxd3+ 12. cxd3 d5 13. O-O d4 14. Na4 Be6
15. Nb6 Rab8 16. f4 Nc6 17. f5 Bc8 18. Nd5 Qd8 19. Qb6 Qxb6 20. Nxb6 Rd8 21. Bd2
Bd7 22. b4 Be8 23. Rac1 f6 24. a4 Bf7 25. Rc5 Rd6 26. Nc4 Bxc4 27. Rxc4 Kf8 28.
b5 axb5 29. axb5 Na7 30. Bb4 Nxb5 31. Rc5 Ke8 32. Rxb5 Rc6 33. Rb1 Kd7 34. Bc5
Kc8 35. Ba7 Ra8 36. Rxb7 Rc1+ 37. Rxc1+ Kxb7 38. Bc5 Ra2 39. Bf8 Rd2 40. Bxg7
Rxd3 41. Bxf6 Re3 42. Bxe5 Rxe4 43. f6 1-0

[Event "4NCL Rapid Indiv 2014"]
[Site "Daventry ENG"]
[Date "2014.10.05"]
[Round "3.1"]
[White "Wall, Gavin"]
[Black "Ghasi, Ameet K"]
[Result "0-1"]
[WhiteTitle "IM"]
[BlackTitle "IM"]
[WhiteElo "2314"]
[BlackElo "2475"]
[WhiteFideId "2501244"]
[BlackFideId "409200"]
[EventDate "2014.10.05"]

1. e4 g6 2. d4 d6 3. Nc3 Bg7 4. h4 h6 5. h5 g5 6. f4 gxf4 7. Bxf4 a6 8. Qd2 Nc6
9. d5 Ne5 10. O-O-O Nf6 11. Be2 e6 12. Nf3 Nfg4 13. Nxe5 Nxe5 14. g4 Bd7 15.
dxe6 fxe6 16. Rdf1 Bf6 17. Nd1 Qe7 18. Nf2 Bc6 19. Qe3 O-O-O 20. Nh3 Nf7 21. Kb1
Kb8 22. Rhg1 Rdg8 23. Bg3 Ne5 24. Bf2 Rf8 25. Nf4 Bg5 26. Qa7+ Kc8 27. Nd3 Nc4
28. Rd1 Qf6 29. Bd4 e5 30. Rgf1 Nd2+ 31. Rxd2 Qxf1+ 32. Bxf1 Rxf1+ 33. Nc1 Bxd2
34. a3 Kd7 35. Be3 Rxc1+ 36. Ka2 Rxc2 37. Bxd2 Rxd2 38. Qe3 Rd4 39. g5 Bxe4 40.
g6 Bd5+ 41. Kb1 Rf4 42. Qh3+ Be6 43. Qh1 c6 44. Qg1 c5 45. Qg2 e4 46. Qd2 Rf3
47. g7 Rg8 48. Qxh6 Rf7 49. Kc1 Rfxg7 50. Qf6 e3 0-1

[Event "4NCL Rapid Indiv 2014"]
[Site "Daventry ENG"]
[Date "2014.10.05"]
[Round "3.2"]
[White "Smerdon, David"]
[Black "Jackson, James P"]
[Result "1-0"]
[WhiteTitle "GM"]
[BlackTitle "FM"]
[WhiteElo "2506"]
[BlackElo "2336"]
[WhiteFideId "3202305"]
[BlackFideId "416860"]
[EventDate "2014.10.05"]

1. e4 e5 2. Nf3 Nc6 3. Nc3 Nf6 4. d4 exd4 5. Nxd4 Bb4 6. Nxc6 bxc6 7. Bd3 d5 8.
exd5 cxd5 9. O-O O-O 10. Bg5 c6 11. Na4 Bd6 12. c3 Rb8 13. Re1 c5 14. Bc2 Bb7
15. Qd3 g6 16. Qh3 h5 17. g4 Kg7 18. gxh5 gxh5 19. Qf5 Rg8 20. Kh1 d4+ 21. f3
Bc8 22. Bxf6+ Qxf6 23. Rg1+ 1-0

[Event "4NCL Rapid Indiv 2014"]
[Site "Daventry ENG"]
[Date "2014.10.05"]
[Round "3.3"]
[White "Flear, Glenn C"]
[Black "Snape, Ian L"]
[Result "1-0"]
[WhiteTitle "GM"]
[WhiteElo "2462"]
[BlackElo "2172"]
[WhiteFideId "400165"]
[BlackFideId "404489"]
[EventDate "2014.10.05"]

1. d4 c5 2. d5 g6 3. c4 d6 4. Nc3 Bg7 5. e4 Nf6 6. Be2 O-O 7. Bg5 Na6 8. Qd2 Nc7
9. Nf3 Bg4 10. O-O e6 11. h3 Bxf3 12. Bxf3 exd5 13. exd5 Qd7 14. Qf4 Nce8 15.
Rfe1 a6 16. a4 h5 17. g4 hxg4 18. hxg4 Nh7 19. Be7 Be5 20. Rxe5 dxe5 21. Qxe5 f6
22. Qe6+ Qxe6 23. dxe6 Ng7 24. Bxf8 Nxf8 25. e7 Nfe6 26. Rd1 Nd4 27. Bxb7 Rb8
28. Bd5+ Nge6 29. Rxd4 cxd4 30. Bxe6+ Kg7 31. Nd5 1-0

[Event "4NCL Rapid Indiv 2014"]
[Site "Daventry ENG"]
[Date "2014.10.05"]
[Round "3.4"]
[White "Pritchett, Craig W"]
[Black "Healey, Michael W"]
[Result "1-0"]
[WhiteTitle "IM"]
[WhiteElo "2315"]
[BlackElo "2111"]
[WhiteFideId "2400065"]
[BlackFideId "410012"]
[EventDate "2014.10.05"]

1. c4 e5 2. Nc3 Nf6 3. e3 g6 4. g3 Bg7 5. Bg2 O-O 6. Nge2 c6 7. d4 d6 8. O-O a5
9. b3 Bg4 10. h3 Be6 11. Ba3 Ne8 12. dxe5 Bxe5 13. Nd4 Na6 14. Ne4 Nb4 15. Qd2
Qb6 16. Bb2 Rd8 17. Bc3 d5 18. c5 Qa7 19. Nxe6 Bxc3 20. Qxc3 fxe6 21. Ng5 Ng7
22. a3 Na6 23. Rac1 Rde8 24. Qxa5 e5 25. h4 e4 26. b4 Qb8 27. b5 cxb5 28. Qxb5
h6 29. Nh3 Nc7 30. Qb6 Re6 31. Qb3 Rd8 32. Nf4 Rc6 33. Rfd1 Kh7 34. Bh3 Qa7 35.
h5 gxh5 36. Qc3 h4 37. gxh4 Nb5 38. Qe5 Qxa3 39. Nxd5 Rg6+ 40. Kh1 Rf8 41. h5
Rg5 42. Qxe4+ Kh8 43. Nf6 Nf5 44. Bxf5 Qb2 45. Qe7 Qxf6 46. Qxf6+ Rxf6 47. e4
Rxh5+ 48. Kg2 Rg5+ 49. Kf3 Rf8 50. Rd7 Na7 51. Rh7+ Kg8 52. Rxh6 Nc6 53. Ke3 Ne5
54. Rch1 Nf7 55. R6h5 Rg2 56. Be6 Kg7 57. Rh7+ Kf6 58. Bxf7 Rxf7 59. R1h6+ Ke7
60. Rxf7+ Kxf7 61. Rb6 1-0